MDQL
is popping MORE tags! Check the
thread
!
Quizzes
Events
Quiz Creation
Community
Videos
Private Events
Remove Ads
Sign In
Join for FREE
Feedback
Dark Mode
Quiz Categories
Sports
Geography
Music
Movies
Television
Just For Fun
Miscellaneous
History
Literature
Language
Science
Gaming
Entertainment
Religion
Holiday
For Kids
Quiz Lab
Recent
Popular Today
Quiz Kudos Today
Editor Picks
Curator Picks
Quizzes by...
Day
Popularity
Type
Ratings
Length
Year
Community
Subscriptions
Recent Discussions
Orange Saloon
Badges
Playlists
Quests
Create
Leaderboards
Showdown
Live 5
Trivia Bingo
Activity
Puzzle Library
Sporcle Events
Private Events
Virtual Trivia
Globe League
Become a Host
Pub Owners
SporcleCon
Opinionation
Our Games
Videos
Blog
Mobile Apps
Partnerships
Remove Ads and Go Orange
Feedback
Television
TV Characters
TV Show
Sitcom
Network
Friends
Reality Shows
Cast
South Park
Star Trek
The Simpsons
Doctor Who
Television
TV Characters
TV Show
Sitcom
Network
Friends
Reality Shows
Cast
South Park
Star Trek
The Simpsons
Doctor Who
Random Quiz
Search Sporcle
×
Curator Pick
Curator Pick
Television
South Park
Type in answers that appear in a list
Type in answers that appear in a list
Classic
Best Score? Go Orange.
Al Gore's ManBearPig speech Stats
Can you name the words to Al Gore's ManBearPig speech from South Park?
By
RichoIsGod
10m
148 Questions
334 Plays
334 Plays
334 Plays
Comments
Comments
Give Quiz Kudos
Give Quiz Kudos
-
- Ratings
hide this ad
Replay
Link that replays current quiz
Next Quiz
Link to next quiz in quiz playlist
You Got
0%
They Got
Avg Score
59%
Avg Friend Score
Upgrade to see
Score Distribution
Jump to the score distribution portion of the page
Score
0/148
Timer
10:00
0
Plays Today
word
% Correct
a
97.3%
man
95.2%
I
93.4%
bear
93.4%
I
93.4%
pig
92.5%
be
91.9%
and
84.7%
and
84.7%
and
84.7%
And
84.7%
the
83.8%
the
83.8%
the
83.8%
the
83.8%
the
83.8%
The
83.8%
is
83.2%
is
83.2%
is
83.2%
is
83.2%
is
83.2%
you
80.8%
You
80.8%
you
80.8%
you
80.8%
you
80.8%
you
80.8%
you
80.8%
you
80.8%
he
79.6%
to
79.3%
to
79.3%
to
79.3%
to
79.3%
to
79.3%
to
79.3%
half
75.7%
half
75.7%
half
75.7%
Im
73.7%
I'm
73.7%
I'm
73.7%
I'm
73.4%
ManBearPig
72.2%
ManBearPig
72.2%
ManBearPig
72.2%
ManBearPig
72.2%
ManBearPig
72.2%
ManBearPig
72.2%
word
% Correct
Al
71.9%
we
69.5%
it
69.2%
It
69.2%
It
69.2%
am
68%
am
68%
Gore
68%
of
67.4%
of
67.4%
super
67.4%
of
67.4%
super
67.4%
that
67.1%
cereal
66.8%
cereal
66.8%
here
65%
here
65%
here
65%
tell
63.8%
no
63.8%
about
60.5%
about
60.5%
will
60.5%
real
58.1%
real
58.1%
are
58.1%
there
57.2%
there
57.2%
what
57.2%
who
56.6%
world
56.6%
when
56.3%
have
54.8%
as
54.5%
Some
53.9%
people
53.9%
know
53.6%
But
52.7%
Thank
52.1%
you're
52.1%
Thank
52.1%
say
51.8%
say
51.8%
threat
50.6%
our
50.6%
our
50.6%
isn't
50.6%
South
50.3%
Park
50.3%
word
% Correct
see
50.3%
very
49.1%
very
49.1%
out
47.6%
or
45.8%
talking
44.9%
creature
44.9%
course
43.4%
everyone
42.8%
biggest
41.3%
doesn't
41.3%
get
41.3%
care
40.4%
end
40.1%
end
40.1%
Earth
39.8%
Well
39.8%
rid
39.8%
something
39.5%
you've
38.9%
because
38.9%
save
38.6%
wants
38.3%
Elementary
38%
fear
38%
Students
37.7%
which
37.4%
which
37.4%
done
37.1%
planet
36.8%
existence
35%
single
34.4%
most
34.4%
awesome
34.4%
now
33.5%
EXCELSIOR
33.2%
may
32.9%
threatens
31.4%
human
31.4%
certainly
30.2%
roams
29.3%
exists
28.7%
race
27.8%
simply
27.5%
alone
26.9%
class
26.9%
educate
26.3%
someday
24.3%
Quiz Playlist
Details
Report
Send in Message
Add To Playlist
Classic:
Type in answers that appear in a list
Last Updated: Apr 10, 2017
Curator Pick in
South Park
Quiz Scoreboard
CHALLENGE
Sign Up to Join the Scoreboard
Show All
Scores
Hide
Comments
May contain spoilers
Recently Published
Holiday 10x10 Sorting Gallery
by lukepisani3
Holiday
15m
Two Season TV Shows II
by 123Four
Television
10m
Image Sorting: Flags VI
by Barbecue
Geography
2m
More to Explore
Quiz From the Vault
Featured Blog Post
14 Easter Pick-up Lines to Find Eggs With
hide this ad
You Might Also Like...
Tags
South Park Quiz
Al Gore
bear
Cereal
gore
Man
park
pig
south
speech
Today's Top Quizzes in Television
Browse Television
hide this ad
Today's Top Quizzes in South Park
Browse South Park
Top Contributed Quizzes in Television
1
Survivor Journey Challenge
2
Even More Two Season TV Shows
3
Adjectives in 00s TV Shows
4
Brooklyn Nine Nine Logic Puzzle (How-To-Play)
5
Adjectives in 10s TV Shows
6
Click the SpongeBob Episodes (Season 3)
7
Even More Three Season TV Shows
8
Survivor Logic Puzzle: Heroes vs. Villains
9
Total Drama Characters
10
Survivor Heroes vs. Villains Logic Puzzle
Explore More
Trending Topics
Disney
Crossword
Anime
Marvel
NBA
Harry Potter
Kpop
Pokémon
The Office
Country
Soccer
Puzzle
NFL
Song
WWE
hide this ad
More By:
RichoIsGod
Quiz
Plays
Rating
Category
Featured
Created
Collingwood losing Grand Finals (AFL)
804
5.00
Sports
Oct 2, 2011
Coleman Medalists
674
3.00
Sports
Sep 25, 2009
100k Oceania Metros
570
4.58
Geography
Jul 22, 2011
Al Gore's ManBearPig speech
334
4.50
Television
Sep 16, 2011
Most Wickets in Test Match Cricket
220
5.00
Sports
Dec 30, 2010
Go to Creator's Profile
Score Distribution
Quiz Creator Spotlight
RichoIsGod
Follow
Send a Message
Quizzes Created
-
Created Quiz Play Count
-
More By This Creator
Popular Quizzes Today
1
Find the US States - No Outlines Minefield
2
Colored Red Africa Blitz
3
Find the 'City' Movie
4
The Countries of the World
5
5x2 Blitz: Bands
6
Find the Countries of Europe - No Outlines Minefield
7
Find the US States
8
US States
More Television Quizzes
Barney's Bowlarama Championship Teams
Published
Trending Quizzes
Colored Red Europe Blitz I
Colored Red Africa Blitz II
Colored Red Europe Blitz II
Even More Two Season TV Shows
Colored Red Africa Blitz III
Recently Updated
Quick Pick: 20 Twenties
pecheneg
March Madness Men's Triple Doubles
pecheneg
How Do You Spell That?
pecheneg
Godzilla Movies
pecheneg
Grab Bag: 4-10 Letters
pecheneg
2024 March Madness Bracket
pecheneg
Famous TV Couples
Peacemaker
Champions League XIs: Real Madrid
pecheneg
Largest US Cities 1790-2010
pecheneg
Rides in Walt Disney World
pecheneg
Trending Topics
Harry Potter
Marvel
NBA
Disney
Kpop
Crossword
Anime
NFL
The Office
Country
Soccer
Song
WWE
Pokémon
Puzzle
Your Account Isn't Verified!
In order to create a playlist on Sporcle, you need to verify the email address you used during registration. Go to your
Sporcle Settings
to finish the process.
Report this User
Report this user for behavior that violates our
Community Guidelines
.
Details:
Send Report
Go to the Sporcle.com Mobile Site →
Comments